| 000 | 00000nam##2200000za#4500 |
| 001 | 9.699285 |
| 003 | CaOODSP |
| 005 | 20210625000318 |
| 007 | cr ||||||||||| |
| 008 | 150407|1986||||xxc|||||o f|0| 0 eng|d |
| 040 | |aCaOODSP|beng |
| 043 | |an-cn--- |
| 086 | 1 |aA53-1675/1986E-PDF |
| 110 | 1 |aCanada.|bAgriculture Canada.|bResearch Branch. |
| 245 | 10|aGrowing roses / |h[electronic resource]|c[by] T.J. Cole. |
| 260 | |aOttawa - Ontario : |bAgriculture Canada. |c1979, reprinted 1986. |
| 300 | |a32p.|billus., maps, photographs |
| 500 | |aHistorical publication digitized by Agriculture and Agri-Food Canada. |
| 590 | |a14-11-Supp|b2014-05-21 |
| 690 | 07|aOrnamental plants|2gcpds |
| 690 | 07|aGardening|2gcpds |
| 690 | 07|aHorticulture|2gcpds |
| 720 | 1 |aFairey, D. T. |
| 775 | 08|tLa culture du rosier de jardin / |w(CaOODSP)9.643261 |
| 856 | 40|ahttp://publications.gc.ca|qPDF|s1.2 MB|uhttps://publications.gc.ca/collections/collection_2014/aac-aafc/agrhist/A53-1675-1986-eng.pdf |
| 986 | |a1675/E |